| 000 | 00403cam a2200169ua 4500 | ||
|---|---|---|---|
| 020 | _c3.50 | ||
| 041 |
_amal _h |
||
| 082 |
_a894.8124 _bCYN/NI |
||
| 100 | _aCynic, . | ||
| 245 |
_aNizhalukal poimukhangal / _cCynic. _hTextual Documents |
||
| 260 |
_aThrissur : _bMangalodhayam pvt ltd , _c1966. |
||
| 300 | _a201 ; . | ||
| 365 | _a3.50 | ||
| 504 | _a | ||
| 942 | _cBK | ||
| 999 |
_c5178 _d5178 |
||